| 000 | 00372nam a2200145Ia 4500 | ||
|---|---|---|---|
| 008 | 230917s9999||||xx |||||||||||||| ||und|| | ||
| 040 |
_e127983 _aMAIN |
||
| 041 | _aEnglish | ||
| 082 | _a005.74 E61F | ||
| 100 | _aElmasri, Ramez etc. | ||
| 245 | 0 | _aFundamentals of database systems | |
| 260 |
_aIndia _bDorling Kindersley _c2006 |
||
| 300 | _axxxi, 798 p. | ||
| 942 | _cBK | ||
| 999 |
_c138959 _d138959 |
||